00286nam a22000857a 4500008004100000082002200041245007600063260005200139300000900191230627b xxu||||| |||| 00| 0 eng d a338.522bKAM 1988 aPrice ControlsbExperiences and Opportunities in Kenya's Manufacturing  aKenyabKenya Association of Manufacturersc1988 a128p